|
|
|
|
| LEADER |
00000nam0a2200000 4500 |
| 001 |
332677 |
| 005 |
20231102004459.0 |
| 035 |
|
|
|a (RuTPU)RU\TPU\book\358630
|
| 035 |
|
|
|a RU\TPU\book\358629
|
| 090 |
|
|
|a 332677
|
| 100 |
|
|
|a 20170526d1979 k y0rusy50 ca
|
| 101 |
0 |
|
|a rus
|
| 102 |
|
|
|a RU
|
| 105 |
|
|
|a a z 001zy
|
| 200 |
1 |
|
|a Методы для нестационарных задач математического программирования
|e сборник статей
|f Академия наук СССР (АН СССР), Уральское отделение, Институт математики и механики
|
| 210 |
|
|
|a Свердловск
|c Изд-во УНЦ АН СССР
|d 1979
|
| 215 |
|
|
|a 143 с.
|c ил.
|
| 225 |
1 |
|
|a Труды института
|v Вып. 29
|
| 320 |
|
|
|a Библиография в конце статей
|
| 606 |
1 |
|
|a Математическое программирование
|x (математика)
|2 stltpush
|3 (RuTPU)RU\TPU\subj\41243
|9 61049
|
| 610 |
1 |
|
|a нестационарные задачи
|
| 610 |
1 |
|
|a методы
|
| 610 |
1 |
|
|a анализ
|
| 610 |
1 |
|
|a оптимизация
|
| 610 |
1 |
|
|a технико-экономические системы
|
| 610 |
1 |
|
|a природные системы
|
| 610 |
1 |
|
|a управление
|
| 675 |
|
|
|a 519.85
|v 3
|
| 712 |
0 |
2 |
|a Академия наук СССР (АН СССР)
|b Уральское отделение (УрО)
|b Институт математики и механики (ИММ)
|c (Свердловск)
|2 stltpush
|3 (RuTPU)RU\TPU\col\15664
|
| 801 |
|
1 |
|a RU
|b 63413507
|c 20080405
|g PSBO
|
| 801 |
|
2 |
|a RU
|b 63413507
|c 20170529
|g PSBO
|
| 942 |
|
|
|c BK
|